<?xml version="1.0" encoding="UTF-8"?>
<record
    xmlns:xsi="http://www.w3.org/2001/XMLSchema-instance"
    xsi:schemaLocation="http://www.loc.gov/MARC21/slim http://www.loc.gov/standards/marcxml/schema/MARC21slim.xsd"
    xmlns="http://www.loc.gov/MARC21/slim">

  <leader>02585nam a2200385 a 4500</leader>
  <controlfield tag="001">000110073</controlfield>
  <controlfield tag="003">CHAP</controlfield>
  <controlfield tag="005">20251024135753.0</controlfield>
  <controlfield tag="008">140721s2014    mx      sm   |||||||spa d</controlfield>
  <datafield tag="040" ind1=" " ind2=" ">
    <subfield code="c">CHAP</subfield>
  </datafield>
  <datafield tag="090" ind1=" " ind2=" ">
    <subfield code="a">Tesis</subfield>
  </datafield>
  <datafield tag="100" ind1="1" ind2=" ">
    <subfield code="a">V&#xE1;squez Hern&#xE1;ndez, Isa&#xED;</subfield>
    <subfield code="9">127484</subfield>
  </datafield>
  <datafield tag="245" ind1="1" ind2="0">
    <subfield code="a">Consumo y calidad de la dieta de borregas en pastoreo como seguidoras de vacas lecheras</subfield>
    <subfield code="c">por Isa&#xED; V&#xE1;squez Hern&#xE1;ndez; Ricardo D. Am&#xE9;ndola Massiotti</subfield>
  </datafield>
  <datafield tag="264" ind1=" " ind2="1">
    <subfield code="a">Chapingo, M&#xE9;x. :</subfield>
    <subfield code="b">El autor,</subfield>
    <subfield code="c">2014.</subfield>
  </datafield>
  <datafield tag="336" ind1=" " ind2=" ">
    <subfield code="2">rdacontent</subfield>
    <subfield code="a">texto</subfield>
    <subfield code="b">txt</subfield>
  </datafield>
  <datafield tag="337" ind1=" " ind2=" ">
    <subfield code="2">rdamedia</subfield>
    <subfield code="a">computadora</subfield>
    <subfield code="b">c</subfield>
  </datafield>
  <datafield tag="338" ind1=" " ind2=" ">
    <subfield code="2">rdacarrier</subfield>
    <subfield code="a">recurso en l&#xED;nea</subfield>
    <subfield code="b">cr</subfield>
  </datafield>
  <datafield tag="502" ind1=" " ind2=" ">
    <subfield code="a">Tesis (Ing. Agr. Esp. en Zootecnia) -- UACH. Departamento Zootecnia</subfield>
  </datafield>
  <datafield tag="520" ind1=" " ind2=" ">
    <subfield code="a">El objetivo fue estimar consumo y calidad de la dieta de borregas de cr&#xED;a pastoreando como seguidoras de vacas lecheras, en praderas de alfalfa-orchard. Se utilizaron 12 vacas Holstein Neozeland&#xE9;s en lactancia, y 24 borregas Pelibuey, seis potreros con praderas de dos y tres a&#xF1;os. Bajo un dise&#xF1;o al azar con dos repeticiones por potrero se evaluaron dos tratamientos, pastoreo mixto y monoespec&#xED;fico. En pastoreo mixto se utilizaron dos lotes de 12 borregas. Se estim&#xF3; forraje ofrecido, residual, consumido, y grado de utilizaci&#xF3;n de ambas especies y composici&#xF3;n qu&#xED;mica y bot&#xE1;nica de la dieta de borregas. Los datos se analizaron con el procedimiento GLM de SAS&#xAE;. El sistema de pastoreo no afect&#xF3; el grado de utilizaci&#xF3;n y consumo de vacas (P&gt;0.05). El consumo de borregas fue 32 % mayor en praderas de 2 a&#xF1;os (P&lt;0.04). La edad de la pradera no afect&#xF3; (P&gt;0.05) la composici&#xF3;n qu&#xED;mica del forraje consumido por las borregas, aunque &#xE9;stas consumieron forraje con alta proporci&#xF3;n de tallos, la dieta contuvo 17.5 % PC y 2.15 Mcal EM kg MS-1. El pastoreo de vacas con borregas de cr&#xED;a como seguidoras en praderas de alfalfa-orchard result&#xF3; una alternativa que permiti&#xF3; alimentar con bajo costo las borregas.</subfield>
  </datafield>
  <datafield tag="590" ind1=" " ind2=" ">
    <subfield code="a">BATCH-UPD</subfield>
    <subfield code="b">05</subfield>
    <subfield code="c">20141002</subfield>
  </datafield>
  <datafield tag="590" ind1=" " ind2=" ">
    <subfield code="a">E5995AHE</subfield>
    <subfield code="b">05</subfield>
    <subfield code="c">20140721</subfield>
  </datafield>
  <datafield tag="590" ind1=" " ind2=" ">
    <subfield code="a">E5995AHE</subfield>
    <subfield code="b">05</subfield>
    <subfield code="c">20140721</subfield>
  </datafield>
  <datafield tag="590" ind1=" " ind2=" ">
    <subfield code="a">E5995AHE</subfield>
    <subfield code="b">05</subfield>
    <subfield code="c">20140721</subfield>
  </datafield>
  <datafield tag="590" ind1=" " ind2=" ">
    <subfield code="a">E5995AHE</subfield>
    <subfield code="b">05</subfield>
    <subfield code="c">20140721</subfield>
  </datafield>
  <datafield tag="650" ind1="1" ind2="4">
    <subfield code="a">Composici&#xF3;n bot&#xE1;nica.</subfield>
    <subfield code="9">127485</subfield>
  </datafield>
  <datafield tag="650" ind1="1" ind2="4">
    <subfield code="a">Dietas.</subfield>
    <subfield code="9">32541</subfield>
  </datafield>
  <datafield tag="650" ind1="1" ind2="4">
    <subfield code="a">Ganado lanar.</subfield>
    <subfield code="9">45150</subfield>
  </datafield>
  <datafield tag="650" ind1="1" ind2="4">
    <subfield code="a">Ganado lechero.</subfield>
    <subfield code="9">45237</subfield>
  </datafield>
  <datafield tag="650" ind1="1" ind2="4">
    <subfield code="a">Pastoreo.</subfield>
    <subfield code="9">85984</subfield>
  </datafield>
  <datafield tag="700" ind1=" " ind2=" ">
    <subfield code="a">Am&#xE9;ndola Massiotti, Ricardo Daniel</subfield>
    <subfield code="9">162276</subfield>
    <subfield code="e">director.</subfield>
  </datafield>
  <datafield tag="856" ind1=" " ind2=" ">
    <subfield code="u">http://10.13.5.2/tesis/sist110073.pdf</subfield>
    <subfield code="z">DESCARGAR PDF</subfield>
  </datafield>
  <datafield tag="942" ind1=" " ind2=" ">
    <subfield code="c">TD</subfield>
    <subfield code="2">Clasificaci&#xF3;n Universidad Aut&#xF3;noma Chapingo</subfield>
  </datafield>
  <datafield tag="999" ind1=" " ind2=" ">
    <subfield code="c">106535</subfield>
    <subfield code="d">106535</subfield>
  </datafield>
  <datafield tag="952" ind1=" " ind2=" ">
    <subfield code="0">0</subfield>
    <subfield code="1">0</subfield>
    <subfield code="2">local</subfield>
    <subfield code="4">0</subfield>
    <subfield code="5">1</subfield>
    <subfield code="7">0</subfield>
    <subfield code="8">TesDigL</subfield>
    <subfield code="a">BD</subfield>
    <subfield code="b">BD</subfield>
    <subfield code="c">E_L</subfield>
    <subfield code="d">2014-07-21</subfield>
    <subfield code="l">0</subfield>
    <subfield code="o">Tesis digital</subfield>
    <subfield code="r">2019-12-31 00:00:00</subfield>
    <subfield code="w">2019-12-31</subfield>
    <subfield code="y">TD</subfield>
  </datafield>
</record>
